000 00319nam a2200121Ia 4500
008 190722s9999 xx 000 0 und d
020 _a978-93-325-5001-8
100 _aAndrew S.Tanenbaum
245 0 _aModern Operating Systems
260 _aIndia
_bPearson India Education Services
_c2016
300 _a1076
942 _cBK
999 _c310
_d310